000 00869cam a22002653a 4500
001 11314
003 PGUSA
005 20140828083235.0
008 040201s2004||||xxu|||||s|||||000 | eng d
040 _aPGUSA
_beng
042 _adc
050 4 _aJ
245 1 2 _aA Compilation of the Messages and Papers of the Presidents :
_bVolume 1, part 1: George Washington
_h[electronic resource]
260 _bProject Gutenberg,
_c2004
506 _aPublic domain in the USA.
516 _aElectronic text
653 _aUnited States -- Politics and government
653 _aPresidents -- United States
653 _aUnited States -- History -- Sources
653 _aWashington, George, 1732-1799
700 1 _aRichardson, James D.
_q(James Daniel),
_d1843-1914
830 0 _aProject Gutenberg
_v11314
856 4 0 _uhttp://www.gutenberg.org/ebooks/11314
942 _cEB
999 _c240569
_d240569